000 00646nam a22001937a 4500
005 20251108164829.0
008 250721s1994 xx 000 0 ara d
082 1 4 _a371.28/طرز
100 1 _aالطرزي، نصري خضر
245 1 0 _aإستخدم عقلك :
_bدليلك إلى دراسة أفضل /
264 1 _aعمان :
_bدار التنوير العلمي للنشر والتوزيع،
_c1994.
300 _a152ص.
650 1 7 _aالنجاح
650 1 7 _aالذاكرة
650 1 7 _aالإختبارات و القياسات التربوية
650 1 7 _aالتقييم التربوي
942 _2ddc
_cBK
999 _c15394
_d15394